000 00409nam a2200145Ia 4500
001 24815
008 140411s9999 xx 000 0 und d
040 _cPK-LaUMT
082 _a 220
_bOLD-
245 4 _aThe Old Testament:
_btranslated out of the original tongues and with the former translations dil
260 _aOxford,USA:
_bOxford University Press,
_cNA
300 _a833 p.
546 _aEN
942 _cBK
999 _c25004
_d25004